[Event "RUS-ch Higher League 68th"]
[Site "Kaliningrad"]
[Date "2015.06.22"]
[Round "1"]
[White "Frolyanov, Dmitry"]
[Black "Kravtsov, Sergey"]
[Result "1-0"]
[WhiteElo "2566"]
[BlackElo "2325"]
[PlyCount "61"]
[EventDate "2015.06.22"]
[EventType "swiss"]
[EventRounds "9"]
[EventCountry "RUS"]
[SourceTitle "EXT 2017"]
[Source "ChessBase"]
[SourceDate "2016.10.25"]
[SourceVersion "1"]
[SourceVersionDate "2016.10.25"]
[SourceQuality "1"]

1. e4 e6 2. d4 d5 3. Nc3 Bb4 4. e5 Ne7 5. a3 Bxc3+ 6. bxc3 c5 7. Qg4 cxd4 8. Qxg7 Rg8 9. Qxh7 Qc7 10. Ne2 dxc3 11. h4 Nbc6 12. f4 d4 13. h5 Bd7 14. h6 0-0-0 15. Qd3 Be8 16. h7 Rh8 17. Ng3 Ng6 18. Ne4 Ncxe5 19. fxe5 Qxe5 20. Bg5 Bc6 21. Bf6 Qxe4+ 22. Qxe4 Bxe4 23. 0-0-0 e5 24. Re1 Bd5 25. Bd3 Bxg2 26. Bf5+ Kc7 27. Rh2 Bc6 28. Bxg6 fxg6 29. Bxe5+ Kb6 30. Bf6 Rde8 31. Bxd4+ 1-0

[Event "Vladivostok Meridian op rap"]
[Site "Vladivostok"]
[Date "2014.07.19"]
[Round "7"]
[White "Deviatkin, Andrei"]
[Black "Kravtsov, Sergey"]
[Result "1/2-1/2"]
[WhiteElo "2512"]
[BlackElo "2328"]
[PlyCount "45"]
[EventDate "2014.07.18"]
[EventType "swiss (rapid)"]
[EventRounds "11"]
[EventCountry "RUS"]
[SourceTitle "CBM 161 Extra"]
[Source "ChessBase"]
[SourceDate "2014.08.29"]
[SourceVersion "1"]
[SourceVersionDate "2014.08.29"]
[SourceQuality "1"]

1. e4 e6 2. d4 d5 3. Nd2 Be7 4. Ngf3 Nf6 5. e5 Nfd7 6. Be2 c5 7. c3 b6 8. Nf1 Ba6 9. Ng3 Bxe2 10. Nxe2 Nc6 11. h4 h5 12. Bg5 Qc7 13. Bxe7 Nxe7 14. Ng3 g6 15. Ng5 cxd4 16. cxd4 Qc4 17. Rc1 Qb4+ 18. Qd2 Qb5 19. Ne2 Nf5 20. g3 Ke7 21. 0-0 Rhc8 22. b3 a5 23. Qb2 1/2-1/2

[Event "RUS-ch Higher League 67th"]
[Site "Vladivostok"]
[Date "2014.06.05"]
[Round "2"]
[White "Chekhov, Sergey"]
[Black "Kravtsov, Sergey"]
[Result "0-1"]
[WhiteElo "2467"]
[BlackElo "2311"]
[PlyCount "78"]
[EventDate "2014.06.04"]
[EventType "swiss"]
[EventRounds "9"]
[EventCountry "RUS"]
[SourceTitle "CBM 161"]
[Source "ChessBase"]
[SourceDate "2014.07.16"]
[SourceVersion "1"]
[SourceVersionDate "2014.07.16"]
[SourceQuality "1"]

1. e4 e6 2. d4 d5 3. Nc3 Bb4 4. e5 c5 5. Qg4 Ne7 6. dxc5 Nbc6 7. Bd2 0-0 8. Bd3 d4 9. Nf3 Ng6 10. Bxg6 fxg6 11. Ne4 Bxd2+ 12. Nexd2 Qd5 13. Qe4 Qxc5 14. 0-0 d3 15. cxd3 Nb4 16. Rac1 Qe7 17. Nc4 Nxa2 18. Ra1 Nb4 19. Nb6 Rb8 20. Rxa7 Rd8 21. h4 Nd5 22. Nxd5 Rxd5 23. Rc1 Qd8 24. d4 Bd7 25. Qf4 h6 26. Qg4 Kh7 27. Rc5 Bc6 28. Rxc6 bxc6 29. Qxe6 c5 30. dxc5 Rxc5 31. h5 gxh5 32. Qf7 Qf8 33. Qxh5 Qe8 34. Ng5+ Kg8 35. Nf7 Qe6 36. f4 Rf8 37. Nd6 Qxd6 38. Qg4 Qd4+ 39. Kh1 Rc1+ 0-1

[Event "Vladivostok Russian Cup"]
[Site "Vladivostok"]
[Date "2012.09.18"]
[Round "2"]
[White "Kravtsov, Sergey"]
[Black "Tsydypov, Zhamsaran"]
[Result "0-1"]
[WhiteElo "2328"]
[BlackElo "2338"]
[PlyCount "94"]
[EventDate "2012.09.17"]
[EventType "swiss"]
[EventRounds "9"]
[EventCountry "RUS"]
[SourceTitle "CBM 150 Extra"]
[Source "ChessBase"]
[SourceDate "2012.10.19"]
[SourceVersion "1"]
[SourceVersionDate "2012.10.19"]
[SourceQuality "1"]

1. d4 Nf6 2. c4 c5 3. d5 e6 4. Nc3 exd5 5. cxd5 Bd6 6. g3 0-0 7. Bg2 Re8 8. Nf3 Bf8 9. 0-0 d6 10. h3 Nbd7 11. a4 a6 12. Nd2 Rb8 13. Nc4 Ne5 14. Na3 Bd7 15. f4 Ng6 16. Qd3 b5 17. axb5 axb5 18. Nd1 Ra8 19. Nc2 Rxa1 20. Nxa1 c4 21. Qd2 Ne4 22. Bxe4 Rxe4 23. Nf2 Re8 24. Nc2 Qa8 25. Re1 Be7 26. e4 Bd8 27. Qd4 Qc8 28. h4 Qb8 29. h5 Bf6 30. Qd2 Nf8 31. Qb4 Bd8 32. h6 g6 33. Qc3 f6 34. Be3 Kf7 35. Ra1 g5 36. f5 Bc8 37. Ng4 Rxe4 38. Ra7+ Bb7 39. Nf2 Re7 40. Ra1 Bxd5 41. Bd4 Nd7 42. Ne3 Ba8 43. Neg4 Qb7 44. Rxa8 Qxa8 45. Bxf6 Ba5 46. Qa3 Nxf6 47. Nxf6 b4 0-1

[Event "RUS-chT 19th"]
[Site "Sochi"]
[Date "2012.04.09"]
[Round "1"]
[White "Kravtsov, Sergey"]
[Black "Smirnov, Pavel"]
[Result "0-1"]
[WhiteElo "2359"]
[BlackElo "2599"]
[PlyCount "88"]
[EventDate "2012.04.09"]
[EventType "team-swiss"]
[EventRounds "7"]
[EventCountry "RUS"]
[SourceTitle "CBM 148"]
[Source "ChessBase"]
[SourceDate "2012.05.16"]
[SourceVersion "1"]
[SourceVersionDate "2012.05.16"]
[SourceQuality "1"]
[WhiteTeam "Vladivostok"]
[BlackTeam "Nizhny Tagil Politekhnik"]
[WhiteTeamCountry "RUS"]
[BlackTeamCountry "RUS"]

1. d4 Nf6 2. c4 e6 3. Nc3 Bb4 4. Nf3 0-0 5. Bg5 c5 6. d5 b5 7. cxb5 exd5 8. e3 h6 9. Bh4 a6 10. Be2 axb5 11. 0-0 Bxc3 12. bxc3 Ra5 13. Nd2 d6 14. Nb3 Ra4 15. Bxf6 Qxf6 16. Bxb5 Rg4 17. Be2 Rg6 18. Bh5 Ba6 19. Re1 Nc6 20. Bxg6 fxg6 21. Qxd5+ Rf7 22. f3 Bb7 23. Qd1 g5 24. Nd2 Ne5 25. Rf1 Qe7 26. e4 d5 27. exd5 c4 28. Qe1 Bxd5 29. Qe3 Qc7 30. Qd4 Rd7 31. Qe3 Nd3 32. a4 g4 33. a5 Re7 34. Ne4 gxf3 35. gxf3 Qc6 36. a6 Qg6+ 37. Kh1 Rxe4 38. fxe4 Bxe4+ 39. Rf3 Qf5 40. Raf1 Ne5 41. a7 Kh7 42. Kg2 Qg6+ 43. Kh1 Nxf3 44. Rxf3 Qg4 0-1

[Event "Vladivostok op-A"]
[Site "Vladivostok"]
[Date "2010.08.09"]
[Round "6"]
[White "Kravtsov, Sergey"]
[Black "Fatkulin, Andrey"]
[Result "1-0"]
[WhiteElo "2362"]
[BlackElo "2226"]
[PlyCount "87"]
[EventDate "2010.08.04"]
[EventType "swiss"]
[EventRounds "9"]
[EventCountry "RUS"]
[SourceTitle "CBM 138 Extra"]
[Source "ChessBase"]
[SourceDate "2010.10.29"]
[SourceVersion "1"]
[SourceVersionDate "2010.10.29"]
[SourceQuality "1"]

1. d4 Nf6 2. c4 e6 3. Nc3 Bb4 4. g3 d5 5. Bg2 c6 6. Nf3 Nbd7 7. 0-0 dxc4 8. Qc2 0-0 9. e4 h6 10. a4 a5 11. Na2 Be7 12. e5 Nd5 13. Qxc4 b6 14. Qb3 b5 15. Nc3 Ba6 16. axb5 Qb6 17. Nd2 Bxb5 18. Nxb5 Qxb5 19. Qd1 Rfd8 20. Re1 c5 21. Bf1 Qb8 22. Nc4 cxd4 23. Qxd4 a4 24. Qg4 Kf8 25. Qe4 Kg8 26. Bd3 Nf8 27. Qg4 f5 28. exf6 Nxf6 29. Qe2 Bb4 30. Rd1 Bc5 31. Bf4 Qa7 32. Ne5 Qb6 33. Rac1 Rac8 34. Rc4 Bd4 35. Rd2 Rxc4 36. Nxc4 Qa7 37. Bd6 Nd5 38. Bxf8 Kxf8 39. Qxe6 Nf6 40. Bg6 Bb6 41. Re2 Bc5 42. Ne5 Qb7 43. Be4 Rd1+ 44. Kg2 1-0

[Event "Vladivostok op-A"]
[Site "Vladivostok"]
[Date "2010.08.08"]
[Round "5"]
[White "Kravtsov, Sergey"]
[Black "Rychkov, Oleg"]
[Result "1-0"]
[WhiteElo "2362"]
[BlackElo "2105"]
[PlyCount "143"]
[EventDate "2010.08.04"]
[EventType "swiss"]
[EventRounds "9"]
[EventCountry "RUS"]
[SourceTitle "CBM 138 Extra"]
[Source "ChessBase"]
[SourceDate "2010.10.29"]
[SourceVersion "1"]
[SourceVersionDate "2010.10.29"]
[SourceQuality "1"]

1. d4 Nf6 2. c4 g6 3. Nc3 d5 4. cxd5 Nxd5 5. e4 Nxc3 6. bxc3 Bg7 7. Nf3 c5 8. Rb1 cxd4 9. cxd4 Qa5+ 10. Bd2 Qxa2 11. Qc1 0-0 12. Bc4 Qa4 13. Bb5 Qa2 14. Bc4 Qa4 15. 0-0 Qe8 16. Qa3 Nc6 17. d5 Ne5 18. Nxe5 Bxe5 19. Bg5 Bd6 20. Qb2 f6 21. Bh6 Rf7 22. Be3 e5 23. h4 Rc7 24. Be2 Bd7 25. Bd3 Qe7 26. f4 b6 27. fxe5 Qxe5 28. Bf4 Qxb2 29. Rxb2 Be5 30. Bxe5 fxe5 31. h5 Rf8 32. Ra1 Rf6 33. hxg6 Rxg6 34. Be2 Bg4 35. Bb5 Bf3 36. d6 Rc8 37. d7 Rd8 38. Rc2 Bg4 39. Rxa7 Rd6 40. Rc8 Rxc8 41. dxc8Q+ Bxc8 42. Ra8 Rd8 43. Ba6 Bxa6 44. Rxd8+ Kg7 45. Rd6 Bc4 46. Rxb6 Bd3 47. Rb4 Kf6 48. Kf2 Kg5 49. Ke3 Bf1 50. Rb2 Bc4 51. Rf2 Be6 52. Rf8 h5 53. g3 Bh3 54. Ra8 Kf6 55. Ra5 Bg2 56. Kd3 Bf1+ 57. Ke3 Bg2 58. Ra2 Bh3 59. Kd3 Bf1+ 60. Kc3 Kg5 61. Ra5 Kf6 62. Ra1 Bg2 63. Kd3 Kg5 64. Ke3 Bh3 65. Ra8 Kf6 66. Rf8+ Kg5 67. Kd3 Kg4 68. Rf5 Bg2 69. Ke3 Bh1 70. Rxe5 Bf3 71. Rxh5 Kxg3 72. Rh3+ 1-0

[Event "RUS-chT2 17th"]
[Site "Dagomys"]
[Date "2010.04.06"]
[Round "5"]
[White "Geller, Jakov"]
[Black "Kravtsov, Sergey"]
[Result "1-0"]
[WhiteElo "2534"]
[BlackElo "2388"]
[PlyCount "87"]
[EventDate "2010.04.01"]
[EventType "team-tourn"]
[EventRounds "7"]
[EventCountry "RUS"]
[SourceTitle "CBM 135 Extra"]
[Source "ChessBase"]
[SourceDate "2010.05.04"]
[SourceVersion "1"]
[SourceVersionDate "2010.05.04"]
[SourceQuality "1"]

1. e4 c6 2. d4 d5 3. exd5 cxd5 4. c4 Nf6 5. Nc3 g6 6. Qb3 Bg7 7. cxd5 0-0 8. Nge2 Na6 9. g3 b5 10. Bg2 b4 11. Na4 Bb7 12. Nf4 g5 13. Ne2 Bxd5 14. Bxd5 Qxd5 15. Qxd5 Nxd5 16. Bxg5 Rfc8 17. Kd2 h6 18. Be3 Rd8 19. Rhc1 Nac7 20. Rc6 e6 21. Rac1 Nb5 22. Kd3 Ne7 23. R6c5 Rab8 24. Kc4 Nf5 25. Rd1 Nbd6+ 26. Kb3 Nb5 27. Rc4 a5 28. g4 Ne7 29. h3 Nd5 30. Rc6 Nbc3 31. bxc3 bxc3+ 32. Ka3 Bf8+ 33. Rc5 Nb6 34. Nxb6 Rxb6 35. Nxc3 Rb4 36. Na4 Bxc5 37. Nxc5 Rd5 38. Nd3 Rb8 39. Rc1 h5 40. Rc5 Rxc5 41. dxc5 hxg4 42. hxg4 f6 43. Ka4 Kf7 44. c6 1-0

[Event "RUS-chT2 17th"]
[Site "Dagomys"]
[Date "2010.04.02"]
[Round "1"]
[White "Sumets, Andrey"]
[Black "Kravtsov, Sergey"]
[Result "1-0"]
[WhiteElo "2614"]
[BlackElo "2388"]
[PlyCount "47"]
[EventDate "2010.04.01"]
[EventType "team-tourn"]
[EventRounds "7"]
[EventCountry "RUS"]
[SourceTitle "CBM 135 Extra"]
[Source "ChessBase"]
[SourceDate "2010.05.04"]
[SourceVersion "1"]
[SourceVersionDate "2010.05.04"]
[SourceQuality "1"]

1. d4 d5 2. c4 c6 3. Nf3 Nf6 4. e3 a6 5. Bd3 b5 6. b3 Bg4 7. Nbd2 Nbd7 8. Qc2 Bxf3 9. Nxf3 e6 10. 0-0 Bd6 11. c5 Bc7 12. e4 dxe4 13. Bxe4 Nd5 14. a4 b4 15. Bxd5 cxd5 16. Bg5 Qb8 17. Rfe1 a5 18. c6 Nf6 19. Bxf6 gxf6 20. Qf5 Qd8 21. Qh5 0-0 22. Re3 Qd6 23. Ne5 fxe5 24. Qg5+ 1-0

[Event "Vladivostok-ch op"]
[Site "Vladivostok"]
[Date "2008.11.25"]
[Round "1"]
[White "Kravtsov, Sergey"]
[Black "Pavlovskiy, Mikhail"]
[Result "0-1"]
[WhiteElo "2411"]
[BlackElo "2231"]
[PlyCount "108"]
[EventDate "2008.11.25"]
[EventType "swiss"]
[EventRounds "9"]
[EventCountry "RUS"]
[SourceTitle "EXT 2022"]
[Source "ChessBase"]
[SourceDate "2021.10.06"]
[SourceVersion "1"]
[SourceVersionDate "2021.10.06"]
[SourceQuality "1"]

1. d4 d5 2. c4 c6 3. Nf3 Nf6 4. Nc3 e6 5. Bg5 Be7 6. cxd5 cxd5 7. e3 Nc6 8. Bd3 0-0 9. 0-0 b6 10. a3 Bb7 11. b4 Rc8 12. Rc1 h6 13. Bh4 Ne4 14. Bxe7 Nxc3 15. Bxd8 Nxd1 16. Rfxd1 Rfxd8 17. Rc3 Nxd4 18. Rdc1 Nxf3+ 19. gxf3 Rxc3 20. Rxc3 Rc8 21. Rxc8+ Bxc8 22. f4 Kf8 23. Kf1 Ke7 24. Ke2 Kd6 25. Kd2 f6 26. Bg6 e5 27. Kc3 Bd7 28. Kd3 Ke7 29. h4 Be8 30. Bf5 Kd6 31. Kc3 g5 32. fxg5 fxg5 33. hxg5 hxg5 34. Bh7 Ke6 35. Bc2 Kf6 36. Bd1 Kf5 37. Bf3 Bc6 38. Kd2 Bb7 39. Bg2 g4 40. Bh1 Kg5 41. Bg2 Kh4 42. Bf1 Bc6 43. Ba6 Kh3 44. Ke2 Kg2 45. Bd3 Bd7 46. Ba6 Bf5 47. a4 Be4 48. Bc8 Bf3+ 49. Ke1 e4 50. Ba6 d4 51. exd4 e3 52. fxe3 g3 53. Bf1+ Kh2 54. a5 Bd5 0-1

[Event "RUS-ch Higher League 61st"]
[Site "Novokuznetsk"]
[Date "2008.09.11"]
[Round "8"]
[White "Kravtsov, Sergey"]
[Black "Chuprikov, Dmitry"]
[Result "1/2-1/2"]
[WhiteElo "2404"]
[BlackElo "2450"]
[PlyCount "123"]
[EventDate "2008.09.03"]
[EventType "swiss"]
[EventRounds "11"]
[EventCountry "RUS"]
[SourceTitle "CBM 126"]
[Source "ChessBase"]
[SourceDate "2008.10.01"]
[SourceVersion "1"]
[SourceVersionDate "2008.10.01"]
[SourceQuality "1"]

1. d4 d5 2. c4 c6 3. Nf3 Nf6 4. g3 Bf5 5. Bg2 e6 6. 0-0 Nbd7 7. b3 Be7 8. Nc3 Ne4 9. Bb2 0-0 10. Nd2 Nxc3 11. Bxc3 Nf6 12. c5 Ne4 13. Bb2 Bf6 14. Nf3 b6 15. cxb6 axb6 16. Ne5 c5 17. Qe1 cxd4 18. Bxd4 Qd6 19. f4 h6 20. a4 Rfc8 21. Ra2 Be7 22. h4 f6 23. Nd3 Rc7 24. Bf3 Rac8 25. g4 Bh7 26. g5 Bf5 27. Kh1 Kh7 28. gxh6 Kxh6 29. Rg1 Kh7 30. Qf1 Rh8 31. Qg2 Bd8 32. Bg4 Kg8 33. Bxf5 exf5 34. Qh3 Rh7 35. h5 Qe6 36. a5 bxa5 37. Rxa5 Qf7 38. Kg2 Rxh5 39. Qe3 Rc8 40. Ra7 Be7 41. b4 Qe8 42. Kf1 Bf8 43. Nc5 Rh2 44. Nd7 Qh5 45. Bc5 Bxc5 46. bxc5 Kh8 47. Ke1 Re8 48. Rxg7 Rh1+ 49. Rg1 Qh4+ 50. Kd1 Rxg1+ 51. Qxg1 Nc3+ 52. Kc2 Nxe2 53. Qa1 d4 54. Qa6 d3+ 55. Kb2 Nxf4 56. Qxf6+ Qxf6+ 57. Nxf6 Re2+ 58. Kc3 Rh2 59. Rd7 d2 60. Rxd2 Rxd2 61. Kxd2 Kg7 62. Ne8+ 1/2-1/2